000
00299nam a2200121Ia 4500
008
220204s9999 xx 000 0 und d
020
_a
8187879483
082
_a
327.2
_b
AMI
100
_a
Amin, Samir
245
4
_a
The liberal virus: Permanent war
260
_a
Delhi
_b
Aakar Books
_c
2005
942
_c
BK
999
_c
42751
_d
42751